000 00551nam a2200181Ia 4500
001 17278
005 20260306170413.0
008 260306t2017||||xx |||||||||||||| ||und||
041 _aESP
082 _a657.61
_bI59 2017
100 _aInstituto Mexicano de Contadores Públicos
_eAUT
245 0 _aNormas de información financiera:
_bincluye boletines y circulares de la Comisión de Principios de Contabilidad del IMCP
260 _c2017
300 _axii, 1821 páginas
_c23 cm.
650 _aGEN
654 _aCCO
942 _cLIB
_dJUS
_fJUS
_2ddc
_n
999 _c17278
_d17278